New medical devices (Record no. 178007)
[ view plain ]
| 000 -LEADER | |
|---|---|
| fixed length control field | 01525nam a2200349Ia 4500 |
| 245 00 - TITLE STATEMENT | |
| Title | New medical devices |
| 260 ## - PUBLICATION, DISTRIBUTION, ETC. (IMPRINT) | |
| Place of publication | Washington, D.C. : |
| Name of publisher | National Academy Press, |
| Year of publication | 1988. |
| 300 ## - PHYSICAL DESCRIPTION | |
| Number of Pages | xvi, 186 p. |
| 490 1# - SERIES STATEMENT | |
| Series statement | Series on technology and social priorities |
| 500 ## - GENERAL NOTE | |
| General note | At head of title: National Academy of Engineering; Institute of Medicine. |
| General note | Based on a symposium held at the National Academy of Sciences, Washington, D.C., Mar. 9-10, 1987. |
| General note | Includes index. |
| 650 #0 - SUBJECT ADDED ENTRY--TOPICAL TERM | |
| Topical Term | Medical instruments and apparatus |
| Topical Term | Medical innovations |
| 700 1# - ADDED ENTRY--PERSONAL NAME | |
| Personal name | Ekelman, Karen B. |
| 856 40 - ELECTRONIC LOCATION AND ACCESS | |
| Uniform Resource Identifier | http://site.ebrary.com/lib/rucke/Doc?id=10055483 |
No items available.
